000 00515nam a22001937a 4500
005 20260108092914.0
008 260108b |||||||| |||| 00| 0 eng d
020 _a9780415177245
_qhbk
041 _aeng
082 _a301
_bYOU
100 _aYoung. A. F.
245 _aSocIAL ServIces in British Industry
_cby A. F. Young
260 _aLondon
_bRoutledge
_c1968
300 _a258 p.
_c23 cm.
504 _aindex
650 _aBusiness & Economics
650 _aLabor & Workers' Economics
942 _cENGLISH
999 _c607552
_d607552